Servei d'Informació Econòmica Municipal : proposta de desenvolupament 1986 proposta de desenvolupament 1986

Publicat: Barcelona : CEP, Centre d'Estudis de Planificació , 1986
Descripció física: [9] f. ; 29 cm

MARC

LEADER 00000nam a2200000Ia 4500
001 22712
008 160829s1986 xx 000 0 cat d
080 |a FU-57-45 
110 1 |a Barcelona (Catalunya : Província).  |b Servei d'Informació Econòmica Municipal  |9 52724 
245 |a Servei d'Informació Econòmica Municipal :  |b  proposta de desenvolupament 1986 
260 |a Barcelona :  |b CEP, Centre d'Estudis de Planificació,  |c 1986 
300 |a [9] f. ;  |c 29 cm 
650 0 |a Finances municipals  |z Barcelona (Província)  |9 20808 
700 |a Centre d'Estudis de Planificació  |9 35043 
710 1 |a Barcelona (Catalunya : Província).  |b Diputació  |9 52408 
901 |a Arxiu 
942 |n 1 
952 |0 0  |1 0  |4 0  |7 1  |9 49985  |a Arxiu  |b Arxiu  |d 2023-04-13  |h Proposta de desenvolupament 1986  |o FU-57-45  |p 22712  |r 2016-12-01 00:00:00  |w 2016-12-01  |y ARXIU 
999 |c 53827  |d 53827